00770ntm a22002657a 450000500170000000800410001702000180005804100080007608200200008410000390010424500790014326000150022226000250023726000090026230000190027130000350029049000230032565000290034865000250037765000310040265000160043365000150044965000250046465000150048920251120142333.0170824b2017 xxu||||| |||| 00| 0 spa d a9789930519097 aESP aCR 863.44 B197m aBaltodano Quirós, Miguel Ángel aMemorias de un bananero: en los bananales del Pacífico Sur Costarricense aCosta Rica bEditorial Costa Rica c2017 a266 páginas  bFotografías a blanco y negro aTemática General aLITERATURA COSTARRICENSE aNOVELA COSTARRICENSE aASPECTOS SOCIOECONÓMICOS aVIDA SOCIAL aCOSTUMBRES aUNITED FRUIT COMPANY aPUNTARENAS